000 00639nam a22001817a 4500
999 _c19156
_d19156
008 240215b ||||| |||| 00| 0 eng d
020 _a9789719647836
082 _aDFil 363.254
_bP113 2023
100 _aPaca, Benjo O.
_952447
245 _aWorktext on lie detection techniques /
_cBenjo O. Paca and Bernadeth C. Pana
250 _aFirst edition.
260 _aQuezon City :
_bChapterhouse Publishing Incorporated,
_c©2023.
300 _a104 pages :
_billustrations ;
_c26 cm.
500 _aIncludes bibliography.
650 _aLie detectors and detection.
_952549
700 _aPana, Bernadeth C.
_eauthor.
_952448
942 _2ddc
_cDFIL